Lily - Statistics

General Stats
  • This quiz has been taken 13 times
  • The average score is 8 of 11
Answer Stats
Hint Answer % Correct
How many siblings does Lily have 2
100%
What is lilys Favourite colour purple
100%
What is Lilys middle name Rose
100%
Gold Or Silver Jewellery Silver
100%
Who enjoys Miras jokes with Lily Ava
83%
Where is half of Lilys Family From New Zealand
83%
Who is Lilys Bestfriend Ola
50%
Who likes to touch Lilys Wenus Tameah
50%
Lilys Dads name christopher
33%
What was Lilys First Pet Guinea Pig
33%
Lilys mums name Hayley
33%
No matching quizzes found
Score Distribution
Percent of People with Each Score
Percentile by Number Answered
Your Score History
You have not taken this quiz